[Event "Palma de Mallorca Arenal op"]
[Site "Palma de Mallorca"]
[Date "2016.10.22"]
[Round "5"]
[White "Lewandowski, Richard"]
[Black "Mierins, Guntars"]
[Result "0-1"]
[WhiteElo "1493"]
[BlackElo "1402"]
[PlyCount "72"]
[EventDate "2016.10.20"]
[EventType "swiss"]
[EventRounds "7"]
[EventCountry "ESP"]
[SourceTitle "EXT 2018"]
[Source "ChessBase"]
[SourceDate "2017.10.13"]
[SourceVersion "1"]
[SourceVersionDate "2017.10.13"]
[SourceQuality "1"]

1. d4 d5 2. c4 Nf6 3. Nc3 Nc6 4. cxd5 Nxd5 5. Nxd5 Qxd5 6. e3 e6 7. a3 Be7 8. Nf3 0-0 9. Bd3 Bd7 10. 0-0 Kh8 11. e4 Qh5 12. Bd2 f5 13. e5 g5 14. Bc3 g4 15. Ne1 f4 16. Rc1 f3 17. g3 Qh3 18. d5 Rg8 19. d6 Rg5 20. Nxf3 gxf3 21. Qxf3 Rf8 22. Qh1 Bd8 23. Rfe1 Kg8 24. Bf1 Qh5 25. Re4 Nxe5 26. Be2 Nf3+ 27. Bxf3 Rxf3 28. Rh4 Qf7 29. Qg2 cxd6 30. Bd2 Rh5 31. Be3 Bxh4 32. gxh4+ Qg7 33. Rc7 Rf7 34. Rxb7 Rhf5 35. Rxa7 Rd5 36. Rb7 Rd1# 0-1

[Event "Palma de Mallorca Arenal op"]
[Site "Palma de Mallorca"]
[Date "2016.10.20"]
[Round "1"]
[White "Nadal Marti, Bernardo Pedro"]
[Black "Mierins, Guntars"]
[Result "1-0"]
[WhiteElo "1916"]
[BlackElo "1402"]
[PlyCount "43"]
[EventDate "2016.10.20"]
[EventType "swiss"]
[EventRounds "7"]
[EventCountry "ESP"]
[SourceTitle "EXT 2018"]
[Source "ChessBase"]
[SourceDate "2017.10.13"]
[SourceVersion "1"]
[SourceVersionDate "2017.10.13"]
[SourceQuality "1"]

1. d4 d5 2. c4 c6 3. Nc3 Be6 4. cxd5 cxd5 5. Bf4 Nf6 6. e3 Ne4 7. Bd3 Nxc3 8. bxc3 Nc6 9. Nf3 Qa5 10. Qb3 Bc8 11. 0-0 e6 12. e4 Be7 13. Qc2 dxe4 14. Bxe4 f5 15. Bd3 0-0 16. Rfe1 Re8 17. Bc4 Qd8 18. Qb3 Kf7 19. d5 exd5 20. Bxd5+ Kf8 21. Bg8 Be6 22. Rxe6 1-0